000 00381nam a2200145Ia 4500
100 _aAICTE
942 _cBK
654 _aDesign manufacture of foriegn dyes
245 _aDesign & Manufacture of Foriegn Dyes C-NO: 227
260 _bContinuing Education Programmer AICTE
_aBangalore
_c1992
082 _a671.332
_bAICTE
300 _a73
546 _aENGLISH
999 _c26628
_d26628